000
00220nam a22000857a 4500
008
170306b xxu||||| |||| 00| 0 eng d
100
_9
3036
_a
Dickens.C
245
_a
A tale of two Cities
260
_a
Delhi
_b
Oriant longman
_c
2003
999
_c
6286
_d
6286